000 00898cam a22002655a 4500
001 13771493
005 20170105102907.0
008 041103s2005 ctu 000 0 eng
010 _a 2004115997
020 _a0300107609 (pbk. : alk. paper)
040 _aDLC
_cDLC
_dDLC
042 _apcc
082 _a972.91064092
100 1 _aColtman, Leycester.
245 1 4 _aThe real Fidel Castro /
_cLeycester Coltman.
250 _a1st pbk. ed.
260 _aNew Haven, CT :
_bYale University Press New Haven and London,
_c2005.
263 _a0502
300 _ap. cm.
856 4 2 _3Contributor biographical information
_uhttp://www.loc.gov/catdir/enhancements/fy0620/2004115997-b.html
856 4 2 _3Publisher description
_uhttp://www.loc.gov/catdir/enhancements/fy0620/2004115997-d.html
906 _a0
_bibc
_corignew
_d2
_eepcn
_f20
_gy-gencatlg
942 _2ddc
_cBK
999 _c14908
_d14908